[Event "4NCL Division Three West"]
[Site "Daventry, ENG"]
[Date "2023.03.18"]
[Round "7.53"]
[White "Obi, Okwose Marc"]
[Black "Taylor, Robert K"]
[Result "1/2-1/2"]
[WhiteElo "1744"]
[BlackElo "1909"]
[PlyCount "83"]
[EventDate "2023.03.18"]
[WhiteTeam "MK Phoenix 2"]
[BlackTeam "Shropshire & Friends"]

1. e4 c5 2. c4 e6 3. Nc3 Nc6 4. g3 Nf6 5. Bg2 d6 6. Nge2 Nd4 7. O-O Be7 8. d3
O-O 9. f4 Rb8 10. a4 a6 11. h3 Ne8 12. g4 Nc7 13. Be3 e5 14. Bxd4 cxd4 15. Nd5
Nxd5 16. exd5 Qb6 17. Qd2 a5 18. f5 Qd8 19. Ng3 Bg5 20. Qe2 Be3+ 21. Kh1 Qg5
22. Ne4 Qh6 23. f6 Bf4 24. Nxd6 Qxf6 25. Nxc8 Rbxc8 26. Be4 Qh6 27. Kg2 Qd6 28.
h4 g6 29. g5 f6 30. gxf6 Rxf6 31. Rf3 Kh8 32. Raf1 Rg8 33. Rh3 b6 34. b3 g5 35.
hxg5 Rxg5+ 36. Kh1 Rh6 37. Rff3 Qf6 38. Qf1 Qg7 39. Rxh6 Qxh6+ 40. Rh3 Rh5 41.
Bf5 Qg5 42. Be6 1/2-1/2

[Event "4NCL Division Three West"]
[Site "Daventry, ENG"]
[Date "2023.03.18"]
[Round "7.54"]
[White "Pugh, Glyn D"]
[Black "Shaw, John S"]
[Result "1-0"]
[WhiteElo "1845"]
[BlackElo "1664"]
[PlyCount "98"]
[EventDate "2023.03.18"]
[WhiteTeam "Shropshire & Friends"]
[BlackTeam "MK Phoenix 2"]

1. d4 d5 2. c4 c6 3. Nf3 Nf6 4. Nc3 e6 5. g3 dxc4 6. Bg2 b5 7. Ne5 Qb6 8. a4 b4
9. Nb1 Bb7 10. Nxc4 Qd8 11. O-O Nbd7 12. a5 Rc8 13. e4 Be7 14. Bf4 Nb8 15. Qc2
O-O 16. Rd1 h6 17. h3 g5 18. Bxb8 Rxb8 19. e5 Nd5 20. Nbd2 Ba6 21. Ne4 Bxc4 22.
Qxc4 Qc7 23. Qe2 Rfc8 24. Qh5 Kg7 25. Rd3 c5 26. h4 Rh8 27. Rf3 Rbf8 28. Nf6
Nxf6 29. exf6+ Bxf6 30. Rc1 c4 31. d5 exd5 32. Rf5 Rfg8 33. Bxd5 Qd7 34. Rxc4
Rf8 35. Qf3 Qe7 36. Re4 Qd6 37. Rc4 Rc8 38. hxg5 hxg5 39. Rg4 Rc1+ 40. Kg2 Rhh1
41. Rfxg5+ Bxg5 42. Rxg5+ Kh6 43. Qf4 Rcd1 44. Be4 Qe6 45. Qf3 Qxe4 46. Qxe4
Kxg5 47. Qxb4 Rhg1+ 48. Kf3 Rge1 49. Qc4 Kg6 1-0

[Event "4NCL Division Three West"]
[Site "Daventry, ENG"]
[Date "2023.03.18"]
[Round "7.55"]
[White "Page, Michael"]
[Black "Bryant, Richard B E"]
[Result "0-1"]
[WhiteElo "1499"]
[BlackElo "1837"]
[PlyCount "102"]
[EventDate "2023.03.18"]
[WhiteTeam "MK Phoenix 2"]
[BlackTeam "Shropshire & Friends"]

1. e4 e6 2. d4 d5 3. exd5 exd5 4. Nf3 Bd6 5. c4 c6 6. c5 Bc7 7. Nc3 Bf5 8. Bd3
Ne7 9. Bxf5 Nxf5 10. Qe2+ Qe7 11. Qxe7+ Nxe7 12. O-O O-O 13. Bd2 Nd7 14. Rfe1
Ng6 15. g3 a6 16. b4 Rfe8 17. Re2 Rxe2 18. Nxe2 Ndf8 19. a4 Re8 20. Nc3 Ne6 21.
Re1 Bd8 22. Na2 Bf6 23. Nc1 Kf8 24. Ne5 Bxe5 25. dxe5 Nd4 26. Kg2 Nxe5 27. f4
Nc4 28. Rxe8+ Kxe8 29. Bc3 Ne3+ 30. Kh3 Ne6 31. Ne2 f6 32. Nd4 Nxd4 33. Bxd4
Nc2 34. Bc3 d4 35. Bd2 Na3 36. Kg2 Nc4 37. Be1 d3 38. Kf2 d2 39. Bxd2 Nxd2 40.
f5 Nc4 41. Ke2 Ne5 42. h3 h5 43. Ke3 Kf7 44. Ke4 g5 45. Ke3 g4 46. hxg4 hxg4
47. b5 Kg7 48. Ke4 Kh6 49. Kf4 Kh5 50. Ke4 Kg5 51. b6 a5 0-1

[Event "4NCL Division Three West"]
[Site "Daventry, ENG"]
[Date "2023.03.18"]
[Round "7.56"]
[White "Bailey, Adrian"]
[Black "Cox, Lucian"]
[Result "1-0"]
[WhiteElo "1654"]
[BlackElo "1551"]
[PlyCount "91"]
[EventDate "2023.03.18"]
[WhiteTeam "Shropshire & Friends"]
[BlackTeam "MK Phoenix 2"]

1. Nf3 Nf6 2. d4 g6 3. c4 Bg7 4. Nc3 O-O 5. e4 d6 6. Be2 e5 7. O-O Nc6 8. d5
Ne7 9. Bg5 Ne8 10. Nd2 f6 11. Be3 f5 12. Bg5 f4 13. Bg4 h6 14. Bxc8 Rxc8 15.
Bxe7 Qxe7 16. Qg4 Nf6 17. Qxg6 Kh8 18. Nf3 Rg8 19. Qf5 Nd7 20. Qh3 Nc5 21. Nh4
Qg5 22. Nf5 Rcf8 23. f3 Rf6 24. Rf2 Rg6 25. Qh4 Bf6 26. Qxg5 Bxg5 27. h4 Bd8
28. Rd1 Nd7 29. b4 Nb6 30. c5 Nc8 31. Kf1 Ne7 32. cxd6 cxd6 33. Nxe7 Bxe7 34.
Nb5 a6 35. Nc7 Bxh4 36. Rc2 Bd8 37. Ne6 Bb6 38. Rdd2 h5 39. Re2 h4 40. Ke1 Be3
41. Kd1 Rh6 42. Rc7 h3 43. gxh3 Rxh3 44. Rd7 Rxf3 45. Rh2+ Rh3 46. Rxh3# 1-0

[Event "4NCL Division Three West"]
[Site "Daventry, ENG"]
[Date "2023.03.18"]
[Round "7.61"]
[White "Sanitt, Ethan"]
[Black "Ogunshola, Ben"]
[Result "0-1"]
[WhiteElo "2096"]
[BlackElo "2095"]
[PlyCount "61"]
[EventDate "2023.03.18"]
[WhiteTeam "Barnet Knights B"]
[BlackTeam "Brown Jack"]

1. c4 Nf6 2. Nc3 g6 3. g3 Bg7 4. Bg2 O-O 5. d3 d6 6. e4 c5 7. Nge2 Nc6 8. O-O
Rb8 9. h3 a6 10. a4 Ne8 11. Be3 Nc7 12. d4 b6 13. b3 e5 14. dxe5 dxe5 15. Qxd8
Rxd8 16. Nd5 Ne6 17. Rad1 Bd7 18. Rd3 Ncd4 19. Re1 b5 20. axb5 axb5 21. f4 Nc2
22. Red1 Nxe3 23. Nxe3 Nd4 24. Nc3 bxc4 25. bxc4 Rb2 26. f5 Ra8 27. fxg6 hxg6
28. Ned5 Be6 29. R3d2 Rxd2 30. Rxd2 Bh6 31. Rb2 0-1

[Event "4NCL Division Three West"]
[Site "Daventry, ENG"]
[Date "2023.03.18"]
[Round "7.62"]
[White "Richmond, Jane"]
[Black "Badacsonyi, Stanley"]
[Result "1/2-1/2"]
[WhiteElo "2067"]
[BlackElo "2143"]
[PlyCount "91"]
[EventDate "2023.03.18"]
[WhiteTeam "Brown Jack"]
[BlackTeam "Barnet Knights B"]

1. e4 e6 2. d4 d5 3. Nc3 Nf6 4. Bg5 dxe4 5. Nxe4 Nbd7 6. Bd3 Be7 7. Bxf6 Nxf6
8. Nf3 c5 9. Nxc5 Bxc5 10. dxc5 Qa5+ 11. c3 Qxc5 12. O-O O-O 13. Qe2 b6 14. Ne5
Bb7 15. Rad1 Rfd8 16. Rfe1 Qc7 17. f4 Nd5 18. g3 Qc5+ 19. Qf2 Qc7 20. Be4 Nf6
21. Bxb7 Qxb7 22. Qg2 Qxg2+ 23. Kxg2 Nd5 24. Kf3 Rac8 25. c4 Nb4 26. b3 a5 27.
Nd7 b5 28. Rd2 bxc4 29. bxc4 Re8 30. Re4 f6 31. a3 Na6 32. Rd6 Nc5 33. Nxc5
Rxc5 34. Ke3 f5 35. Re5 Rxc4 36. Rxa5 Kf7 37. Rd7+ Kf6 38. Raa7 Rg8 39. h4 Rc3+
40. Kf2 Rb8 41. Rf7+ Kg6 42. Rxg7+ Kh5 43. Rab7 Rd8 44. Rgd7 Ra8 45. Ra7 Rb8
46. Rab7 1/2-1/2

[Event "4NCL Division Three West"]
[Site "Daventry, ENG"]
[Date "2023.03.18"]
[Round "7.63"]
[White "Ethelontis, Alexandros N"]
[Black "Girdlestone, Paul C"]
[Result "0-1"]
[WhiteElo "2022"]
[BlackElo "2036"]
[PlyCount "78"]
[EventDate "2023.03.18"]
[WhiteTeam "Barnet Knights B"]
[BlackTeam "Brown Jack"]

1. c4 e5 2. g3 Nf6 3. Bg2 h6 4. Nc3 Bb4 5. Qc2 O-O 6. Nf3 Re8 7. O-O c6 8. a3
Bxc3 9. Qxc3 d5 10. d4 exd4 11. Nxd4 Bg4 12. Bf4 Nbd7 13. Rfe1 a6 14. Qc2 Ne5
15. c5 Qd7 16. f3 Bh3 17. Bxh3 Qxh3 18. Qf5 Qh5 19. g4 Qg6 20. b3 a5 21. a4
Nfd7 22. Rac1 Ra6 23. Rc3 b6 24. cxb6 Rxb6 25. Qxg6 fxg6 26. Rec1 c5 27. Nb5 d4
28. Rxc5 Nxc5 29. Rxc5 Nd7 30. Rd5 Nf6 31. Rxd4 Rxe2 32. Bd2 Rc6 33. Rd8+ Re8
34. Rd3 Rc2 35. Kf2 Re5 36. Kg3 Re2 37. Rd8+ Kh7 38. Bxa5 g5 39. f4 Re3# 0-1

[Event "4NCL Division Three West"]
[Site "Daventry, ENG"]
[Date "2023.03.18"]
[Round "7.64"]
[White "Parker, Francis"]
[Black "Horan, George"]
[Result "0-1"]
[WhiteElo "1988"]
[BlackElo "2004"]
[PlyCount "48"]
[EventDate "2023.03.18"]
[WhiteTeam "Brown Jack"]
[BlackTeam "Barnet Knights B"]

1. Nf3 d5 2. c4 d4 3. b4 c5 4. Bb2 f6 5. e3 e5 6. Nxe5 fxe5 7. Qh5+ Kd7 8. Qxe5
Qf6 9. Qg3 Bd6 10. f4 Nh6 11. Bd3 Nc6 12. Na3 Nxb4 13. Be4 a6 14. O-O Kc7 15.
exd4 Nf5 16. Bxf5 Bxf5 17. Kh1 cxd4 18. c5 Bxc5 19. Rf3 b5 20. Rc1 Kb6 21. Rb3
Be6 22. Rxc5 Kxc5 23. Nc2 Qg6 24. Qd3 Nxd3 0-1

[Event "4NCL Division Three West"]
[Site "Daventry, ENG"]
[Date "2023.03.18"]
[Round "7.65"]
[White "Sainbayar, Tserendorj"]
[Black "Tomboline, David"]
[Result "1/2-1/2"]
[WhiteElo "1952"]
[BlackElo "1941"]
[PlyCount "38"]
[EventDate "2023.03.18"]
[WhiteTeam "Barnet Knights B"]
[BlackTeam "Brown Jack"]

1. c4 c6 2. e4 d5 3. exd5 cxd5 4. cxd5 Nf6 5. Bc4 Nxd5 6. Nc3 e6 7. Nf3 Be7 8.
O-O O-O 9. d4 b6 10. Re1 Bb7 11. Nxd5 Bxd5 12. Bxd5 Qxd5 13. Re5 Qb7 14. Rh5
Nd7 15. Qd3 Nf6 16. Rh3 Qe4 17. Qb3 Qd5 18. Qd3 Qe4 19. Qb3 Qd5 1/2-1/2

[Event "4NCL Division Three West"]
[Site "Daventry, ENG"]
[Date "2023.03.18"]
[Round "7.66"]
[White "Fernando, Manel"]
[Black "Hung, Jake"]
[Result "0-1"]
[WhiteElo "1507"]
[BlackElo "1834"]
[PlyCount "66"]
[EventDate "2023.03.18"]
[WhiteTeam "Brown Jack"]
[BlackTeam "Barnet Knights B"]

1. d4 d5 2. Nf3 Nf6 3. Bf4 c6 4. c3 Bg4 5. h3 Bh5 6. Nbd2 e6 7. e3 Bd6 8. Be2
Bxf4 9. exf4 Bg6 10. Ne5 Be4 11. O-O O-O 12. Nxe4 Nxe4 13. Bd3 Qd6 14. Re1 f6
15. f3 Ng3 16. Ng4 h5 17. Nf2 h4 18. Qc2 f5 19. Re3 Rf6 20. Rae1 Nd7 21. c4
Raf8 22. cxd5 exd5 23. Re7 R8f7 24. Re8+ Rf8 25. R8e7 Nh5 26. Re8 Qxf4 27.
Rxf8+ Nxf8 28. Re7 Ng3 29. Qc3 Re6 30. Rxb7 Re2 31. Rxa7 Qe3 32. Kh2 Qxf2 33.
Bxe2 Nxe2 0-1